[Event "Mittelfranken-chTB2b 1718"]
[Site "Mittelfranken"]
[Date "2018.04.08"]
[Round "7.8"]
[White "Zidar, Zlatko"]
[Black "Gstaltmeyr, Karl"]
[Result "0-1"]
[WhiteElo "1675"]
[BlackElo "1700"]
[PlyCount "77"]
[EventDate "2017.10.08"]
[EventType "team-tourn"]
[EventRounds "9"]
[EventCountry "GER"]
[SourceTitle "EXT 2022"]
[Source "ChessBase"]
[SourceDate "2021.10.06"]
[SourceVersion "1"]
[SourceVersionDate "2021.10.06"]
[SourceQuality "1"]
[WhiteTeam "Neumarkt"]
[BlackTeam "Schwanstetten"]
[WhiteTeamCountry "GER"]
[BlackTeamCountry "GER"]

1. d4 d5 2. c4 e6 3. Nc3 Nf6 4. Nf3 Be7 5. e3 Nbd7 6. Be2 a6 7. a4 0-0 8. 0-0 b6 9. Qc2 c5 10. e4 dxe4 11. Nxe4 Bb7 12. Ng3 cxd4 13. Nxd4 Ne5 14. Be3 Neg4 15. Qd2 Nxe3 16. Qxe3 Bc5 17. Rad1 Qc7 18. Qc3 Qf4 19. b4 Bd6 20. Nf3 Ne4 21. Nxe4 Bxe4 22. Rd4 Rfc8 23. g3 Qf6 24. Qe3 Bxf3 25. Rxd6 Bxe2 26. Qxe2 Qc3 27. Rxb6 Rxc4 28. Rd1 g6 29. Rd3 Qa1+ 30. Rd1 Qc3 31. Rb1 Rd8 32. Kg2 Rd2 33. Qf3 Qc2 34. Rb3 Rd1 35. Rb7 f5 36. Re3 Qc1 37. Qe2 Rg1+ 38. Kf3 g5 39. Qd3 0-1

[Event "Mittelfranken-chTB2b 1415"]
[Site "Mittelfranken"]
[Date "2014.12.14"]
[Round "4.8"]
[White "Faralisz, Patrick"]
[Black "Zidar, Zlatko"]
[Result "1-0"]
[WhiteElo "1893"]
[BlackElo "1721"]
[PlyCount "88"]
[EventDate "2014.09.28"]
[EventType "team-tourn"]
[EventRounds "9"]
[EventCountry "GER"]
[SourceTitle "EXT 2020"]
[Source "ChessBase"]
[SourceDate "2019.10.17"]
[SourceVersion "1"]
[SourceVersionDate "2019.10.17"]
[SourceQuality "1"]
[WhiteTeam "Nuernberg NT IV"]
[BlackTeam "Neumarkt"]
[WhiteTeamCountry "GER"]
[BlackTeamCountry "GER"]

1. e4 c5 2. Nf3 Nc6 3. Bb5 d6 4. Bxc6+ bxc6 5. 0-0 e6 6. e5 d5 7. d3 Ne7 8. Nc3 Ng6 9. b3 Be7 10. Ba3 f6 11. exf6 Bxf6 12. Qd2 Qa5 13. Bb2 0-0 14. Nxd5 Qd8 15. Nxf6+ gxf6 16. Qc3 Qd5 17. Ba3 Qh5 18. Qxc5 e5 19. Qxc6 Bg4 20. Qd5+ Kh8 21. Bxf8 Rxf8 22. Nd2 Nf4 23. Qe4 Rg8 24. Kh1 Bf5 25. Qf3 Bg4 26. Qe4 Bf5 27. Qf3 Bg4 28. Qc6 Be6 29. Rg1 Qg6 30. Qf3 f5 31. Qd1 Bd5 32. f3 Nh5 33. Qe1 e4 34. fxe4 f4 35. Nf1 Be6 36. Rd1 Qh6 37. h3 Bxh3 38. gxh3 Ng3+ 39. Kh2 Qf6 40. Nxg3 fxg3+ 41. Rxg3 Rc8 42. Rd2 h5 43. Qe3 h4 44. Rg4 Rc3 1-0